000 01276nam a2200337 i 4500
003 DO-SdBNP
005 20240715095558.0
006 a||||fr|||| 00| 0
007 ta
008 240711e1967 ag ||||| |||| 00| 0 spa d
040 _aDO-SdBNP
_bspa
_cBNPHU
_erda
082 4 _222
_bD419f
100 1 _4Jean Delphaut
_eautor
245 1 0 _aFarmacología y psiquiatría /
_cJean Delphaut; prólogo, William Blake; traductor, Christina Souverbielle.
264 1 _aBuenos Aires, Argentina :
_bEditorial Troquelado,
_c1967
300 _a190 páginas ;
_c20 cm.
336 _2rdacontent
_atexto
_btxt
337 _2rdamedia
_asin mediación
_bn
338 _2rdacarrier
_avolumen
_bnc
490 _aBiblioteca El Tema del Hombre.
500 _aIncluye datos biográficos del autor en la contracubierta.
534 _aPharmacologie Et Psychologie.
_cLibrairie Armand Colin, París, Francia, 1961.
590 _aInventariado 2024 / MF
650 4 _aFarmacología
_xInvestigación
_xEnsayos, Conferencias, Etc.
_954046
650 4 _aPsiquiatría
_xEnsayos, Conferencias, Etc.
_920442
650 4 _aSistema Nervioso
_926682
650 4 _aMedicamentos
_913950
700 1 _aBlake, William,
_eprólogo
_986059
700 1 _aSouverbielle Christina,
_etraductor
_986061
942 _2ddc
_cLBS1
999 _c57267
_d57267